Movies Quiz

Random Movies Quiz

Strange Brew trivia from me Quiz Stats

Quiz not verified by Sporcle

Also try: Sliced Movies V
Challenge
Share
Tweet
Embed
Score 0/23 Timer 10:00
0 Plays Today
hint answer % Correct
take off you ____ hoser
86%
bob was portrayed by?rick moranis
81%
what do the McKenzie's bribe the receptionist with?donut
78%
chip here does all the killing. I am the ____ of the operationbrains
74%
what is the name of the brewery?elsinore
72%
doug was portrayed by?dave thomas
71%
i was the only one left after the holocaust, eh......I spent most of my time looking for ____beer
66%
what year was the film debuted1983
66%
what is the name of Bob and Doug's dog?hosehead
64%
the ______________ never worksparking brake
58%
who is the voice of Bob and Doug's father?mel blanc
52%
my brother's a genius. he hooked up our car stereo
50%
hint answer % Correct
how was john elsinore murdered?he was electroCUTed
46%
________. I i'll ________ yousteamroller
46%
how many times did doug see return of the jedi17
43%
(hardest question).....who directed the movie?rick moranis and dave thomas
39%
what is the name of the hockey player that had a nervous breakdown?rosie larose
30%
how much money does the parking lot attendant demand?6.50
30%
what does Bob 'order' in court back bacon
20%
who is brewmeister smith's 'first hand man'ted
19%
it's in the ______________ criminal codecanadien
13%
it's a __ __ from some british new wave bandbootleg
12%
what video game did the McKenzie's play at the brewery?galactic border patrol
10%

You're not logged in!

Compare scores with friends on all Sporcle quizzes.
Sign Up with Email
OR
Log In

You Might Also Like...

Show Comments

Extras

Top Quizzes Today


Score Distribution

Your Account Isn't Verified!

In order to create a playlist on Sporcle, you need to verify the email address you used during registration. Go to your Sporcle Settings to finish the process.

Report this User

Report this user for behavior that violates our Community Guidelines.

Details: